| 000 | 00492nam a2200193Ia 4500 | ||
|---|---|---|---|
| 003 | GCL | ||
| 008 | 140319s9999 xx 000 0 ara d | ||
| 040 |
_aGCL / _cGCL |
||
| 082 | 0 | 4 |
_a701 _bع ف |
| 100 | 1 | _aعلى شلش | |
| 245 | 1 | 0 |
_aالفن والجمال / _cعلى شلش |
| 260 |
_a[S.N] : _bالمؤسسة الحديثة للكتاب |
||
| 300 | _a143 ص | ||
| 490 | _a | ||
| 650 | 0 | 4 | _aالفلسفة |
| 650 | 0 | 4 | _aالفن |
| 650 | 0 | 4 | _aالجمال - فن |
| 942 |
_2ddc _cBK |
||
| 999 |
_c29938 _d29938 |
||